| 000 | 01534nam a2200253 i 4500 | ||
|---|---|---|---|
| 001 | 179807 | ||
| 003 | ES-MaACL | ||
| 005 | 20250916063058.0 | ||
| 008 | 120125m19961997sp | |||| ||spa d | ||
| 020 | _a84-7506-457-4 (V. 1) | ||
| 020 | _a84-7506-458-2 (V. 2) | ||
| 020 | _a84-89794-06-5 (V. 3) | ||
| 080 | _a821.134.2-82"17" | ||
| 100 | 1 |
_aMeléndez Valdés, Juan, _d1754-1817 _979929 |
|
| 245 | 1 | 0 |
_aObras completas / _cJuan Meléndez Valdés ; [edición y prólogo de Emilio Palacios Fernández]. |
| 260 |
_a[Madrid] : _bFundación José Antonio Castro, _c[1996-1997] |
||
| 300 |
_a3 v. ; _c23 cm. |
||
| 490 | 1 | _aBiblioteca Castro | |
| 505 | 8 | _aContiene: V. 1 Poesías (Odas anacreónticas. La inconstancia. Odas a Lisi. La paloma Filis. Galatea o la ilusión del canto. Letrillas. Idilio. Romances. Doña Elvira. Sonetos. -- V. 2. Poesías (Elegías. Silvas. Eglogas. Odas. Epístolas. Odas filosóficas y sagradas. Poesía épica. Elegías morales. Discursos. Apéndices. -- V. 3. Teatro (Las bodas de Camacho el rico. Fragmento del drama doña María la Brava. Argumento de un drama) ; Prosa (Discursos forenses. Epistolario. Expediente relativo a la reunión de los hospitales de Avila. Cartas turcas. Prólogos de obras poéticas y otros textos sobre poesía. Discurso de ingreso en la Real Academia de la Lengua (1810). Oficios y documentos varios | |
| 700 | 0 |
_aPalacios Fernández, Emilio. _988430 |
|
| 830 | 0 |
_aBiblioteca Castro _9178957 |
|
| 852 |
_aES-MaACL _jL-29786-88 |
||
| 999 |
_c179807 _d179807 |
||